000 01454nam a2200325 a 4500
999 _c329255
_d329255
003 BLK
005 20240704112705.0
008 190219b bu |||gr|||| 00| 0 bu d
020 _a9789543761456
040 _aBLK
041 _aBUL
_cBUL
080 _aИкономическо положение. Икономическа политика. Управление. Планиране. Производство. Услуги. Цени
_b338
_x(460)(092)
_z338(460)(092)
080 _aИспански предприемач
_b929 Ортега Ганоа, Амансио
_z929 Ортега Ганоа, Амансио
100 _aО'Шей, Ковадонга
_eпърви автор
_91299
139 _aО'Шей, Ковадонга
_bШ 48
240 _aThe man from Zara
245 _aФеноменът Zara
_bИсторията на гения зад Inditex
260 _9210136
_aСофия
_bЖануа-98
_c2017
_fСимолини'94
_g2017
300 _a199 с.
_c24 см
380 _a3
500 _aОриг. загл.: The man from Zara / Covadonga O'Shea
650 0 _9392522
_aОртега Ганоа, Амансио
653 7 _9181990
_aбиографии
700 _aДоганова, Даня Борисова
_d1956 -
_9305336
700 _91311
_aКойнарев, Васил
_eред.
852 _aЦб 293764
942 _cKNG
_n0
944 _aCR
_c2019-02-19
_k30560
_lГеновева Генчева
999 _d329255